[Event "WYCC Open 10"]
[Site "Porto Carras"]
[Date "2015.10.31"]
[Round "6.6"]
[White "Medina, Benjamin R"]
[Black "Chinguun, Sumiya"]
[Result "1-0"]
[BlackElo "2067"]
[WhiteElo "1826"]
[LiveChessVersion "1.4.6"]

1. e4 {[%clk 1:30:58]} c5 {[%clk 1:30:51]} 2. Nf3 {[%clk 1:31:16]} e6
{[%clk 1:31:13]} 3. d4 {[%clk 1:31:41]} cxd4 {[%clk 1:31:38]} 4. Nxd4
{[%clk 1:32:00]} a6 {[%clk 1:32:04]} 5. Nc3 {[%clk 1:32:13]} Qc7 {[%clk 1:32:28]}
6. Be2 {[%clk 1:32:25]} Nf6 {[%clk 1:32:52]} 7. O-O {[%clk 1:32:43]} b5
{[%clk 1:33:18]} 8. e5 {[%clk 1:28:20]} Qxe5 {[%clk 1:32:50]} 9. Bf3
{[%clk 1:28:07]} d5 {[%clk 1:26:00]} 10. Re1 {[%clk 1:26:32]} Qd6
{[%clk 1:17:12]} 11. Nf5 {[%clk 1:21:44]} Qd8 {[%clk 1:11:25]} 12. Nxd5
{[%clk 1:15:16]} Nxd5 {[%clk 1:10:53]} 13. Qxd5 {[%clk 1:13:44]} Qxd5
{[%clk 1:10:06]} 14. Bxd5 {[%clk 1:14:02]} Ra7 {[%clk 1:10:29]} 15. Bf4
{[%clk 1:10:47]} Nd7 {[%clk 1:08:11]} 16. Bf3 {[%clk 1:06:43]} g6
{[%clk 1:06:00]} 17. Nd4 {[%clk 1:02:15]} Bb7 {[%clk 1:05:48]} 18. Nc6
{[%clk 1:00:41]} Bxc6 {[%clk 1:04:55]} 19. Bxc6 {[%clk 1:01:01]} Bc5
{[%clk 1:05:16]} 20. Be5 {[%clk 0:57:09]} Rg8 {[%clk 1:05:08]} 21. Bb8
{[%clk 0:57:14]} Ke7 {[%clk 1:03:10]} 22. Bxa7 {[%clk 0:57:11]} Bxa7
{[%clk 1:03:30]} 23. Bxd7 {[%clk 0:57:01]} Kxd7 {[%clk 1:03:17]} 24. Rad1+
{[%clk 0:57:07]} Ke7 {[%clk 0:56:09]} 25. Rd2 {[%clk 0:56:52]} Rc8
{[%clk 0:55:57]} 26. Red1 {[%clk 0:56:46]} Rc7 {[%clk 0:52:00]} 27. c3
{[%clk 0:55:40]} Bc5 {[%clk 0:51:54]} 28. a3 {[%clk 0:54:45]} a5 {[%clk 0:51:58]}
29. b4 {[%clk 0:54:23]} axb4 {[%clk 0:52:22]} 30. cxb4 {[%clk 0:54:33]} Ba7
{[%clk 0:52:47]} 31. Kf1 {[%clk 0:54:41]} Bb8 {[%clk 0:52:22]} 32. h3
{[%clk 0:54:28]} Kf6 {[%clk 0:52:22]} 33. Rd8 {[%clk 0:54:33]} Rb7
{[%clk 0:51:58]} 34. Rc1 {[%clk 0:54:27]} Ba7 {[%clk 0:51:57]} 35. Rdc8
{[%clk 0:54:18]} Bd4 {[%clk 0:52:09]} 36. R8c7 {[%clk 0:53:32]} Rb8
{[%clk 0:52:18]} 37. Rc8 {[%clk 0:53:14]} Rb6 {[%clk 0:51:52]} 38. R1c6
{[%clk 0:53:12]} Rb7 {[%clk 0:52:12]} 39. R6c7 {[%clk 0:53:17]} Rb6
{[%clk 0:52:33]} 40. Rd7 {[%clk 1:23:11]} e5 {[%clk 1:21:25]} 41. Rcc7
{[%clk 1:23:20]} Ra6 {[%clk 1:21:29]} 42. Rxf7+ {[%clk 1:23:19]} Kg5
{[%clk 1:21:38]} 43. g3 {[%clk 1:22:36]} Rxa3 {[%clk 1:21:29]} 44. Rb7
{[%clk 1:21:42]} h5 {[%clk 1:16:49]} 45. h4+ {[%clk 1:21:32]} Kg4
{[%clk 1:17:10]} 46. Kg2 1-0

[Event "WYCC Open 10"]
[Site "Porto Carras"]
[Date "2015.10.31"]
[Round "6.7"]
[White "Murzin, Volodar"]
[Black "Zuo, Yifan"]
[Result "1-0"]
[BlackElo "1793"]
[WhiteElo "2007"]
[LiveChessVersion "1.4.6"]

1. Nf3 {[%clk 1:30:52]} Nf6 {[%clk 1:30:48]} 2. c4 {[%clk 1:31:12]} e6
{[%clk 1:31:10]} 3. d4 {[%clk 1:31:34]} Bb4+ {[%clk 1:31:27]} 4. Bd2
{[%clk 1:31:42]} Qe7 {[%clk 1:31:51]} 5. Nc3 {[%clk 1:30:52]} b6 {[%clk 1:31:41]}
6. g3 {[%clk 1:29:15]} Bb7 {[%clk 1:31:45]} 7. Bg2 {[%clk 1:29:32]} O-O
{[%clk 1:31:53]} 8. O-O {[%clk 1:29:34]} d6 {[%clk 1:30:54]} 9. Qc2
{[%clk 1:27:39]} Nbd7 {[%clk 1:29:58]} 10. Rfe1 {[%clk 1:25:18]} e5
{[%clk 1:25:37]} 11. e4 {[%clk 1:19:12]} Rfe8 {[%clk 1:22:43]} 12. d5
{[%clk 1:09:22]} a5 {[%clk 1:22:12]} 13. Nh4 {[%clk 1:03:03]} Nc5
{[%clk 1:19:59]} 14. b3 {[%clk 0:55:20]} a4 {[%clk 1:15:28]} 15. Nf5
{[%clk 0:51:58]} Qd8 {[%clk 1:13:03]} 16. Reb1 {[%clk 0:30:40]} axb3
{[%clk 1:02:42]} 17. axb3 {[%clk 0:31:00]} Ra5 {[%clk 1:01:08]} 18. Bg5
{[%clk 0:26:16]} Bxc3 {[%clk 0:57:06]} 19. Bxf6 {[%clk 0:26:34]} Qxf6
{[%clk 0:55:37]} 20. Qxc3 {[%clk 0:26:47]} Bc8 {[%clk 0:51:49]} 21. Ne3
{[%clk 0:22:57]} Rxa1 {[%clk 0:47:03]} 22. Rxa1 {[%clk 0:22:57]} Qg6
{[%clk 0:47:28]} 23. Qc2 {[%clk 0:22:32]} Qg5 {[%clk 0:38:15]} 24. b4
{[%clk 0:19:36]} Nd7 {[%clk 0:37:37]} 25. Ra7 {[%clk 0:18:19]} Qd8
{[%clk 0:37:28]} 26. Ra8 {[%clk 0:18:34]} Qe7 {[%clk 0:37:00]} 27. Nf5
{[%clk 0:18:27]} Qf6 {[%clk 0:36:28]} 28. Qa4 {[%clk 0:17:53]} Qd8
{[%clk 0:34:51]} 29. Bh3 {[%clk 0:17:47]} Nf6 {[%clk 0:28:40]} 30. Rxc8
{[%clk 0:17:42]} Qxc8 {[%clk 0:26:37]} 31. Ne7+ {[%clk 0:18:05]} Rxe7
{[%clk 0:26:41]} 32. Bxc8 {[%clk 0:18:26]} Re8 {[%clk 0:27:06]} 33. Bh3
{[%clk 0:18:40]} Kf8 {[%clk 0:27:22]} 34. f3 {[%clk 0:18:58]} g5 {[%clk 0:27:31]}
35. Qa7 g4 {[%clk 0:27:45]} 36. Bxg4 {[%clk 0:18:45]} Nxg4 {[%clk 0:28:09]} 37.
fxg4 {[%clk 0:19:08]} Re7 {[%clk 0:28:35]} 38. Qb8+ {[%clk 0:19:32]} Kg7
{[%clk 0:29:01]} 39. Qd8 {[%clk 0:19:54]} Kf6 {[%clk 0:29:23]} 40. g5+
{[%clk 0:50:11]} Kxg5 {[%clk 0:59:47]} 41. Qxe7+ {[%clk 0:50:35]} Kg4
{[%clk 1:00:13]} 42. Kg2 {[%clk 0:50:52]} f5 {[%clk 1:00:38]} 43. Qh4#
{[%clk 0:51:14]} 1-0

[Event "WYCC Open 10"]
[Site "Porto Carras"]
[Date "2015.10.31"]
[Round "6.8"]
[White "Issani, Nameer"]
[Black "Yingrui, Lin"]
[Result "1-0"]
[BlackElo "1915"]
[WhiteElo "1776"]
[LiveChessVersion "1.4.6"]

1. d4 {[%clk 1:30:59]} Nf6 {[%clk 1:30:56]} 2. c4 e6 {[%clk 1:31:15]} 3. Nc3
{[%clk 1:30:45]} Bb4 {[%clk 1:31:40]} 4. e3 {[%clk 1:30:27]} b6 {[%clk 1:31:56]}
5. Nge2 {[%clk 1:30:42]} Bb7 6. a3 Be7 {[%clk 1:30:51]} 7. d5 {[%clk 1:29:36]}
O-O {[%clk 1:26:09]} 8. g3 {[%clk 1:27:37]} b5 {[%clk 1:22:48]} 9. b3
{[%clk 1:19:01]} exd5 {[%clk 1:18:37]} 10. cxd5 {[%clk 1:19:05]} a5
{[%clk 1:10:48]} 11. Bg2 {[%clk 1:17:32]} b4 {[%clk 1:07:16]} 12. axb4
{[%clk 1:17:53]} axb4 {[%clk 1:07:40]} 13. Rxa8 {[%clk 1:18:18]} Bxa8
{[%clk 1:07:58]} 14. Na4 {[%clk 1:17:17]} c5 {[%clk 0:58:47]} 15. O-O
{[%clk 1:15:51]} d6 {[%clk 0:59:03]} 16. e4 {[%clk 1:13:15]} Nfd7
{[%clk 0:56:01]} 17. Bb2 {[%clk 1:08:30]} Bf6 {[%clk 0:53:31]} 18. f4
{[%clk 1:02:17]} Bxb2 {[%clk 0:52:00]} 19. Nxb2 {[%clk 1:02:34]} f5
{[%clk 0:50:42]} 20. Nc4 {[%clk 0:47:50]} fxe4 {[%clk 0:32:10]} 21. Nxd6
{[%clk 0:47:48]} Nf6 {[%clk 0:24:03]} 22. Nxe4 {[%clk 0:48:08]} Nxd5
{[%clk 0:24:18]} 23. Nxc5 {[%clk 0:48:17]} Ne3 {[%clk 0:21:05]} 24. Qxd8
{[%clk 0:48:42]} Rxd8 {[%clk 0:21:32]} 25. Bxa8 {[%clk 0:49:09]} Nxf1
{[%clk 0:21:55]} 26. Kxf1 {[%clk 0:49:36]} Na6 {[%clk 0:21:56]} 27. Nxa6
{[%clk 0:49:50]} Rxa8 {[%clk 0:22:23]} 28. Nxb4 {[%clk 0:50:13]} Rb8
{[%clk 0:22:50]} 29. Nd3 {[%clk 0:49:30]} Rxb3 {[%clk 0:23:16]} 30. Ne5
{[%clk 0:49:24]} h5 {[%clk 0:23:15]} 31. Kf2 {[%clk 0:49:13]} Kh7
{[%clk 0:23:27]} 32. h3 {[%clk 0:48:44]} g6 {[%clk 0:22:01]} 33. Nd4
{[%clk 0:48:19]} Rb2+ {[%clk 0:22:11]} 34. Kf3 {[%clk 0:48:36]} Kh6
{[%clk 0:21:56]} 35. g4 {[%clk 0:45:01]} h4 {[%clk 0:17:15]} 36. g5+
{[%clk 0:44:21]} Kh5 {[%clk 0:17:12]} 37. f5 {[%clk 0:43:10]} gxf5
{[%clk 0:14:59]} 38. Kf4 {[%clk 0:27:47]} Rf2+ {[%clk 0:13:17]} 39. Ndf3
{[%clk 0:26:46]} Rf1 {[%clk 0:11:21]} 40. g6 {[%clk 0:55:51]} Kh6
{[%clk 0:37:56]} 41. Kxf5 {[%clk 0:56:01]} Kg7 {[%clk 0:37:55]} 42. Kg5
{[%clk 0:56:16]} Ra1 {[%clk 0:36:17]} 43. Nxh4 {[%clk 0:56:29]} Rh1
{[%clk 0:35:26]} 44. Nf5+ {[%clk 0:56:49]} Kg8 {[%clk 0:34:50]} 45. Ng4
{[%clk 0:57:07]} Rg1 {[%clk 0:34:58]} 46. h4 {[%clk 0:57:22]} Kh8
{[%clk 0:35:10]} 47. h5 {[%clk 0:57:12]} Kg8 {[%clk 0:35:32]} 48. h6
{[%clk 0:57:30]} Kh8 {[%clk 0:35:45]} 49. g7+ {[%clk 0:57:34]} Kh7
{[%clk 0:35:52]} 50. Kh5 {[%clk 0:57:54]} Rh1+ {[%clk 0:35:44]} 51. Kg5
{[%clk 0:57:20]} Rg1 {[%clk 0:35:47]} 52. Ne7 {[%clk 0:57:42]} Rxg4+
{[%clk 0:35:25]} 53. Kxg4 {[%clk 0:58:04]} Kxh6 {[%clk 0:35:52]} 54. g8=R
{[%clk 0:58:04]} 1-0

[Event "WYCC Open 10"]
[Site "Porto Carras"]
[Date "2015.10.31"]
[Round "6.9"]
[White "Muradyan, Robert"]
[Black "Krastev, Alexander"]
[Result "0-1"]
[BlackElo "1888"]
[WhiteElo "1702"]
[LiveChessVersion "1.4.6"]

1. d4 {[%clk 1:30:58]} Nf6 {[%clk 1:30:43]} 2. c4 {[%clk 1:31:25]} c5
{[%clk 1:31:08]} 3. d5 {[%clk 1:31:52]} g6 {[%clk 1:31:13]} 4. Nc3
{[%clk 1:31:57]} Bg7 {[%clk 1:31:26]} 5. e4 {[%clk 1:31:49]} d6 {[%clk 1:31:01]}
6. f3 {[%clk 1:30:55]} O-O {[%clk 1:31:01]} 7. Be3 {[%clk 1:31:19]} e6
{[%clk 1:30:14]} 8. Qd2 {[%clk 1:14:46]} exd5 {[%clk 1:29:58]} 9. cxd5
{[%clk 1:14:39]} Re8 {[%clk 1:28:13]} 10. Be2 {[%clk 1:08:23]} Na6
{[%clk 1:23:47]} 11. a3 {[%clk 0:55:32]} Nc7 {[%clk 1:23:07]} 12. a4
{[%clk 0:46:46]} a6 {[%clk 1:23:07]} 13. Bh6 {[%clk 0:44:59]} Bh8
{[%clk 1:22:55]} 14. g4 {[%clk 0:43:15]} Rb8 {[%clk 1:16:44]} 15. a5
{[%clk 0:42:34]} Bd7 {[%clk 1:15:02]} 16. Bf4 {[%clk 0:38:29]} Bb5
{[%clk 1:14:58]} 17. h4 {[%clk 0:33:22]} Bxe2 {[%clk 1:07:44]} 18. Ngxe2
{[%clk 0:33:24]} b5 {[%clk 1:07:58]} 19. axb6 {[%clk 0:31:35]} Rxb6
{[%clk 1:07:52]} 20. h5 {[%clk 0:29:57]} Nb5 {[%clk 1:00:06]} 21. Kf2
{[%clk 0:27:11]} Nxc3 {[%clk 0:53:50]} 22. Nxc3 {[%clk 0:23:05]} Qb8
{[%clk 0:52:26]} 23. Ra2 {[%clk 0:21:57]} Nd7 {[%clk 0:50:14]} 24. Kg3
{[%clk 0:21:43]} Ne5 {[%clk 0:49:25]} 25. hxg6 {[%clk 0:21:19]} fxg6
{[%clk 0:49:36]} 26. Qe2 {[%clk 0:20:38]} Rf8 {[%clk 0:47:22]} 27. Rf1
{[%clk 0:19:21]} Rf7 {[%clk 0:38:32]} 28. Bxe5 {[%clk 0:18:52]} Bxe5+
{[%clk 0:38:46]} 29. f4 {[%clk 0:19:18]} Qf8 {[%clk 0:37:05]} 30. fxe5
{[%clk 0:18:52]} Rxf1 {[%clk 0:37:25]} 31. Kg2 {[%clk 0:19:14]} Rf7
{[%clk 0:34:10]} 32. e6 {[%clk 0:19:21]} Rfb7 {[%clk 0:34:22]} 33. Na4
{[%clk 0:17:45]} Rb3 {[%clk 0:33:16]} 34. e5 {[%clk 0:17:54]} dxe5
{[%clk 0:29:35]} 35. Nc3 {[%clk 0:17:53]} Qb8 {[%clk 0:28:14]} 36. Qxa6
{[%clk 0:16:32]} Rxb2+ {[%clk 0:27:38]} 37. Rxb2 {[%clk 0:15:44]} Rxb2+
{[%clk 0:28:02]} 38. Kh3 {[%clk 0:16:06]} Rb3 {[%clk 0:27:49]} 39. Qa5
{[%clk 0:16:21]} Qb6 {[%clk 0:21:39]} 40. Qxb6 {[%clk 0:46:24]} Rxb6
{[%clk 0:21:38]} 41. Ne4 {[%clk 0:46:42]} Kf8 {[%clk 0:47:17]} 42. d6
{[%clk 0:44:56]} c4 {[%clk 0:45:38]} 43. e7+ {[%clk 0:44:55]} Kf7
{[%clk 0:45:56]} 44. Ng5+ {[%clk 0:45:16]} Ke8 {[%clk 0:46:02]} 45. Ne4
{[%clk 0:45:42]} Rb8 {[%clk 0:41:50]} 46. Nf6+ {[%clk 0:45:07]} Kf7
{[%clk 0:42:16]} 47. Nd5 {[%clk 0:45:32]} Ke6 {[%clk 0:41:32]} 48. Nc7+
{[%clk 0:45:22]} Kd7 {[%clk 0:41:48]} 49. Nd5 Ke6 0-1

[Event "WYCC Open 10"]
[Site "Porto Carras"]
[Date "2015.10.31"]
[Round "6.10"]
[White "Musyuk, Lior"]
[Black "Tsvetkov, Andrey"]
[Result "1-0"]
[BlackElo "2174"]
[WhiteElo "1736"]
[LiveChessVersion "1.4.6"]

1. e4 {[%clk 1:30:58]} e6 {[%clk 1:30:42]} 2. d4 {[%clk 1:31:01]} d5
{[%clk 1:30:22]} 3. Nc3 {[%clk 1:30:48]} Nf6 {[%clk 1:30:34]} 4. e5
{[%clk 1:29:02]} Nfd7 {[%clk 1:30:40]} 5. f4 {[%clk 1:28:44]} c5 {[%clk 1:30:57]}
6. Nf3 {[%clk 1:28:35]} Be7 {[%clk 1:30:50]} 7. Be3 {[%clk 1:27:23]} b6
{[%clk 1:31:02]} 8. g3 {[%clk 1:20:04]} O-O {[%clk 1:25:06]} 9. Bh3
{[%clk 1:15:57]} Nc6 {[%clk 1:14:16]} 10. O-O {[%clk 1:13:02]} Ba6
{[%clk 1:08:34]} 11. Re1 {[%clk 1:05:33]} b5 {[%clk 1:03:22]} 12. a3
{[%clk 1:04:35]} g6 {[%clk 0:34:21]} 13. Ne2 {[%clk 1:01:04]} Qb6
{[%clk 0:31:35]} 14. g4 {[%clk 0:57:31]} c4 {[%clk 0:28:48]} 15. c3
{[%clk 0:53:51]} Kh8 {[%clk 0:24:16]} 16. Ng3 {[%clk 0:52:05]} Rg8
{[%clk 0:20:28]} 17. Kf2 {[%clk 0:49:08]} Bc8 {[%clk 0:16:13]} 18. f5
{[%clk 0:46:41]} Bf8 {[%clk 0:14:10]} 19. Ng5 {[%clk 0:43:01]} Nd8
{[%clk 0:14:04]} 20. Qd2 {[%clk 0:40:24]} Qc7 {[%clk 0:11:49]} 21. Rf1
{[%clk 0:38:04]} Bg7 {[%clk 0:11:48]} 22. Ke2 {[%clk 0:35:52]} Bb7
{[%clk 0:11:53]} 23. Rf2 {[%clk 0:34:28]} h6 {[%clk 0:09:16]} 24. Nf3
{[%clk 0:32:17]} g5 {[%clk 0:09:42]} 25. Bg2 {[%clk 0:25:56]} f6 {[%clk 0:09:15]}
26. h4 {[%clk 0:14:47]} fxe5 {[%clk 0:09:43]} 27. hxg5 {[%clk 0:11:29]} e4
{[%clk 0:10:10]} 28. Ne5 {[%clk 0:09:58]} Nxe5 {[%clk 0:10:32]} 29. dxe5
{[%clk 0:09:52]} Bxe5 {[%clk 0:09:05]} 30. Nh5 {[%clk 0:09:50]} Nf7
{[%clk 0:06:40]} 31. g6 {[%clk 0:09:55]} Nd6 {[%clk 0:06:29]} 32. Bd4
{[%clk 0:09:13]} 1-0

[Event "WYCC Open 10"]
[Site "Porto Carras"]
[Date "2015.10.31"]
[Round "6.11"]
[White "Can, Isik"]
[Black "Daggupati, Balaji"]
[Result "1-0"]
[BlackElo "1767"]
[WhiteElo "2123"]
[LiveChessVersion "1.4.6"]

1. e4 {[%clk 1:30:32]} e5 {[%clk 1:30:47]} 2. Nf3 {[%clk 1:30:54]} Nc6
{[%clk 1:31:11]} 3. Bb5 {[%clk 1:31:17]} a6 {[%clk 1:31:28]} 4. Ba4
{[%clk 1:31:43]} Nf6 {[%clk 1:31:46]} 5. O-O {[%clk 1:32:04]} Be7
{[%clk 1:32:09]} 6. Re1 {[%clk 1:32:31]} b5 {[%clk 1:32:30]} 7. Bb3
{[%clk 1:32:58]} d6 {[%clk 1:32:50]} 8. c3 {[%clk 1:33:24]} O-O {[%clk 1:33:02]}
9. h3 {[%clk 1:33:50]} Bb7 {[%clk 1:32:24]} 10. d4 {[%clk 1:33:09]} Nd7
{[%clk 1:32:21]} 11. Nbd2 {[%clk 1:31:38]} exd4 {[%clk 1:32:09]} 12. cxd4
{[%clk 1:31:59]} Bf6 {[%clk 1:32:13]} 13. Nf1 {[%clk 1:29:39]} Na5
{[%clk 1:29:15]} 14. Bc2 {[%clk 1:29:30]} Re8 {[%clk 1:29:24]} 15. Bf4
{[%clk 1:23:04]} Nc4 {[%clk 1:26:03]} 16. b3 {[%clk 1:22:27]} Na3
{[%clk 1:25:02]} 17. Bd3 {[%clk 1:15:20]} b4 {[%clk 1:24:01]} 18. Qd2
{[%clk 1:07:37]} c5 {[%clk 1:13:07]} 19. e5 {[%clk 1:01:01]} Bxf3
{[%clk 1:11:18]} 20. exf6 {[%clk 1:00:08]} Qxf6 {[%clk 0:55:18]} 21. gxf3
{[%clk 0:59:32]} Qxd4 {[%clk 0:55:29]} 22. Be4 {[%clk 0:58:28]} Qxd2
{[%clk 0:48:45]} 23. Nxd2 {[%clk 0:58:37]} Rad8 {[%clk 0:47:38]} 24. Bxd6
{[%clk 0:52:56]} Nb5 {[%clk 0:44:30]} 25. Bf4 {[%clk 0:52:14]} Nd4
{[%clk 0:43:25]} 26. Be3 {[%clk 0:48:36]} Ne5 {[%clk 0:41:03]} 27. f4
{[%clk 0:46:47]} f5 {[%clk 0:36:55]} 28. fxe5 {[%clk 0:46:03]} fxe4
{[%clk 0:36:55]} 29. Bxd4 {[%clk 0:46:12]} Rxd4 {[%clk 0:37:16]} 30. Nc4
{[%clk 0:46:35]} Red8 {[%clk 0:32:47]} 31. Nd6 {[%clk 0:44:50]} Rd7
{[%clk 0:32:49]} 32. Rac1 {[%clk 0:44:39]} Rd5 {[%clk 0:32:22]} 33. Nxe4
{[%clk 0:43:48]} Rxe5 {[%clk 0:32:34]} 34. Rxc5 {[%clk 0:43:49]} Rxc5
{[%clk 0:31:49]} 35. Nxc5 {[%clk 0:44:14]} Rd6 {[%clk 0:32:12]} 36. Re6
{[%clk 0:44:24]} Rd1+ {[%clk 0:31:55]} 37. Kg2 {[%clk 0:44:53]} a5
{[%clk 0:32:16]} 38. Ra6 {[%clk 0:45:06]} Rd5 {[%clk 0:32:23]} 39. Rxa5
{[%clk 0:45:21]} Rg5+ {[%clk 0:32:29]} 40. Kh2 {[%clk 1:15:30]} Rf5
{[%clk 1:02:50]} 41. Ra8+ {[%clk 1:15:55]} Kf7 {[%clk 1:03:10]} 42. Nd3
{[%clk 1:16:16]} Ke6 {[%clk 1:03:19]} 43. Nxb4 {[%clk 1:16:29]} Rxf2+
{[%clk 1:03:41]} 44. Kg3 {[%clk 1:16:45]} Rd2 {[%clk 1:04:02]} 45. Ra7
{[%clk 1:16:47]} Kf6 {[%clk 1:04:22]} 46. Rb7 {[%clk 1:16:30]} h5
{[%clk 1:04:33]} 47. a4 {[%clk 1:16:48]} g5 {[%clk 1:04:51]} 48. Rb6+
{[%clk 1:16:16]} Kf5 {[%clk 1:04:56]} 49. Rb5+ {[%clk 1:16:34]} Kg6
{[%clk 1:05:15]} 50. h4 {[%clk 1:16:08]} gxh4+ {[%clk 1:05:12]} 51. Kxh4
{[%clk 1:16:31]} Rd4+ {[%clk 1:05:35]} 52. Kh3 {[%clk 1:16:52]} Re4
{[%clk 1:06:02]} 53. Nd5 {[%clk 1:17:00]} Rd4 {[%clk 1:06:21]} 54. Ne7+
{[%clk 1:16:26]} Kf6 {[%clk 1:06:34]} 55. Nc6 {[%clk 1:16:23]} Rd3+
{[%clk 1:06:57]} 56. Kh4 {[%clk 1:16:46]} Rc3 {[%clk 1:07:19]} 57. Ne5
{[%clk 1:16:47]} Rc1 {[%clk 1:07:34]} 58. Kxh5 {[%clk 1:17:06]} Rh1+
{[%clk 1:07:59]} 59. Kg4 {[%clk 1:17:32]} Rg1+ {[%clk 1:08:23]} 60. Kf3
{[%clk 1:17:54]} Rf1+ {[%clk 1:08:48]} 61. Ke2 {[%clk 1:18:19]} Rh1
{[%clk 1:09:06]} 62. a5 {[%clk 1:18:41]} Rh2+ {[%clk 1:09:31]} 63. Kd3
{[%clk 1:18:55]} Rh3+ {[%clk 1:09:56]} 64. Kd4 {[%clk 1:19:17]} Rh4+
{[%clk 1:10:19]} 65. Kd5 {[%clk 1:19:38]} Rh5 {[%clk 1:10:34]} 66. Kd6
{[%clk 1:20:01]} Rh1 {[%clk 1:10:55]} 67. a6 {[%clk 1:20:22]} Rd1+
{[%clk 1:11:20]} 68. Kc7 {[%clk 1:20:46]} Rc1+ {[%clk 1:11:44]} 69. Nc6
{[%clk 1:21:12]} Ra1 {[%clk 1:12:09]} 70. a7 {[%clk 1:21:37]} Rxa7+
{[%clk 1:12:36]} 71. Nxa7 {[%clk 1:22:00]} Kg6 {[%clk 1:13:01]} 72. Kd6
{[%clk 1:22:25]} Kf6 {[%clk 1:13:27]} 73. Nc6 {[%clk 1:22:48]} Kg6
{[%clk 1:13:53]} 74. Ke6 {[%clk 1:23:15]} Kg7 {[%clk 1:14:17]} 75. Ne7
{[%clk 1:23:41]} Kf8 {[%clk 1:14:41]} 76. Rb8+ {[%clk 1:24:07]} Kg7
{[%clk 1:15:02]} 77. Rb5 {[%clk 1:24:22]} Kh7 {[%clk 1:15:18]} 78. Kf7
{[%clk 1:24:43]} Kh6 {[%clk 1:15:43]} 79. Ng8+ {[%clk 1:25:11]} Kh7
{[%clk 1:16:00]} 80. Rh5# {[%clk 1:25:39]} 1-0

[Event "WYCC Open 10"]
[Site "Porto Carras"]
[Date "2015.10.31"]
[Round "6.12"]
[White "Sartorio, William J"]
[Black "Guo, Arthur"]
[Result "0-1"]
[BlackElo "2073"]
[WhiteElo "1725"]
[LiveChessVersion "1.4.6"]

1. e4 {[%clk 1:30:58]} c5 {[%clk 1:30:56]} 2. Nf3 {[%clk 1:31:22]} d6
{[%clk 1:31:21]} 3. d4 {[%clk 1:31:44]} cxd4 {[%clk 1:31:46]} 4. Nxd4
{[%clk 1:32:06]} Nf6 {[%clk 1:32:14]} 5. Nc3 {[%clk 1:32:25]} a6 {[%clk 1:32:41]}
6. h3 {[%clk 1:32:29]} e6 {[%clk 1:32:58]} 7. g4 {[%clk 1:32:35]} Be7
{[%clk 1:32:58]} 8. Bg2 {[%clk 1:32:39]} O-O {[%clk 1:29:30]} 9. O-O
{[%clk 1:31:00]} Qc7 {[%clk 1:23:09]} 10. Be3 {[%clk 1:28:16]} Nc6
{[%clk 1:22:22]} 11. Qd2 {[%clk 1:27:45]} Bd7 {[%clk 1:21:45]} 12. Rad1
{[%clk 1:26:56]} Rac8 {[%clk 1:19:33]} 13. Nxc6 {[%clk 1:24:23]} bxc6
{[%clk 1:18:58]} 14. Bg5 {[%clk 1:23:10]} Qb8 {[%clk 1:12:45]} 15. f4
{[%clk 1:17:49]} Rcd8 {[%clk 1:05:42]} 16. Bxf6 {[%clk 1:06:25]} Bxf6
{[%clk 1:05:54]} 17. g5 {[%clk 1:06:24]} Be7 {[%clk 1:03:21]} 18. f5
{[%clk 1:06:37]} f6 {[%clk 1:00:51]} 19. g6 {[%clk 1:03:42]} h6 {[%clk 1:00:13]}
20. Rf4 {[%clk 1:02:20]} Rfe8 {[%clk 0:59:49]} 21. Rdf1 {[%clk 0:58:56]} exf5
{[%clk 0:56:02]} 22. exf5 {[%clk 0:58:40]} d5 {[%clk 0:55:26]} 23. Rh4
{[%clk 0:54:20]} Bf8 {[%clk 0:55:30]} 24. Qd3 {[%clk 0:53:11]} Qe5
{[%clk 0:46:27]} 25. Kh1 {[%clk 0:46:10]} Bc8 {[%clk 0:37:54]} 26. Rhf4
{[%clk 0:39:43]} Bd6 {[%clk 0:36:40]} 27. Qd2 {[%clk 0:38:46]} Bb8
{[%clk 0:35:29]} 28. Kg1 {[%clk 0:33:50]} Ba7+ {[%clk 0:35:27]} 29. R1f2
{[%clk 0:30:26]} Be3 {[%clk 0:35:16]} 30. Qd3 {[%clk 0:21:33]} Qxf4
{[%clk 0:35:01]} 31. Qf1 {[%clk 0:20:26]} Qxf2+ {[%clk 0:35:16]} 32. Qxf2
{[%clk 0:20:48]} Bxf2+ {[%clk 0:35:40]} 33. Kxf2 {[%clk 0:21:11]} Bxf5
{[%clk 0:36:06]} 34. Ne2 {[%clk 0:17:57]} Bxc2 {[%clk 0:36:14]} 35. Nd4
{[%clk 0:18:13]} Bxg6 {[%clk 0:36:33]} 36. Nxc6 {[%clk 0:18:35]} Rd6
{[%clk 0:36:55]} 37. Nd4 {[%clk 0:18:58]} Be4 {[%clk 0:37:20]} 38. Bf1
{[%clk 0:18:55]} f5 {[%clk 0:37:42]} 39. Be2 {[%clk 0:18:39]} f4 {[%clk 0:38:01]}
40. Bd1 {[%clk 0:48:28]} f3 {[%clk 1:08:06]} 41. Bb3 {[%clk 0:47:42]} Rc8
{[%clk 1:08:27]} 42. Ke3 {[%clk 0:47:36]} Rc1 {[%clk 1:08:42]} 43. Kf2
{[%clk 0:47:25]} Rb1 {[%clk 1:09:07]} 44. Ke3 {[%clk 0:44:01]} Rxb2
{[%clk 1:09:28]} 45. Nxf3 {[%clk 0:44:25]} Bxf3 {[%clk 1:09:49]} 46. Kxf3
{[%clk 0:44:51]} Kf8 {[%clk 1:10:14]} 47. Ke3 {[%clk 0:44:09]} Rxb3+
{[%clk 1:10:28]} 48. axb3 {[%clk 0:44:33]} Rb6 {[%clk 1:10:55]} 0-1

[Event "WYCC Open 10"]
[Site "Porto Carras"]
[Date "2015.11.01"]
[Round "7.1"]
[White "Praggnanandhaa, R"]
[Black "Sadhwani, Raunak"]
[Result "1-0"]
[BlackElo "1981"]
[WhiteElo "2077"]
[LiveChessVersion "1.4.6"]

1. e4 {[%clk 1:30:51]} c5 {[%clk 1:30:51]} 2. Nf3 {[%clk 1:30:59]} e6
{[%clk 1:31:15]} 3. d4 {[%clk 1:31:25]} cxd4 {[%clk 1:31:42]} 4. Nxd4
{[%clk 1:31:50]} a6 {[%clk 1:32:07]} 5. Be2 {[%clk 1:32:09]} Nf6 {[%clk 1:31:50]}
6. Nc3 {[%clk 1:32:18]} Bb4 {[%clk 1:31:10]} 7. O-O {[%clk 1:32:09]} Bxc3
{[%clk 1:26:53]} 8. bxc3 {[%clk 1:32:36]} Nxe4 {[%clk 1:26:40]} 9. Bf3
{[%clk 1:31:56]} Nxc3 {[%clk 1:12:43]} 10. Qd3 {[%clk 1:28:14]} Na4
{[%clk 1:01:58]} 11. Qa3 {[%clk 1:22:36]} Nb6 {[%clk 1:01:39]} 12. Nf5
{[%clk 1:22:16]} d5 {[%clk 0:56:58]} 13. Nd6+ {[%clk 1:21:06]} Kd7
{[%clk 0:56:54]} 14. Nxf7 {[%clk 1:20:40]} Nc4 {[%clk 0:56:22]} 15. Qd3
{[%clk 1:17:13]} Qf6 {[%clk 0:55:17]} 16. Nxh8 {[%clk 1:13:26]} Qxa1
{[%clk 0:53:17]} 17. Bxd5 {[%clk 1:11:03]} exd5 {[%clk 0:38:14]} 18. Qf5+
{[%clk 1:08:56]} Kc7 {[%clk 0:35:41]} 19. Bf4+ {[%clk 1:08:13]} Kb6
{[%clk 0:35:47]} 20. Qxc8 {[%clk 1:08:10]} Qf6 {[%clk 0:33:21]} 21. Rb1+
{[%clk 1:07:38]} Ka5 {[%clk 0:33:45]} 22. Qc5+ {[%clk 1:08:03]} b5
{[%clk 0:33:27]} 23. Bc7+ {[%clk 1:08:31]} Nb6 {[%clk 0:33:28]} 24. Qb4#
{[%clk 1:08:59]} 1-0